000 00673nam a22001937a 4500
008 160803b xxu||||| |||| 00| 0 eng d
020 _a1-41803087-2
082 _22008
_aDC 634.9
_bB95
100 _912178
_aBurton, L. DeVere
245 _aIntroduction to forestry science/
_cL. DeVere Burton.
250 _a2nd edition
260 _aAustralia:
_bThomson Delmar Learning,
_cc2008.
300 _axiv, 513 pages:
_bcolor illustrations;
_c28 cm.
500 _aIncludes bibliographical references and index.
650 0 _912180
_aForests and forestry
_zNorth America
650 0 _912181
_aForest management
_zUnited States
365 _aPhp
_b6133.00
942 _2ddc
_cDC
999 _c3656
_d3656